IFM Opac

Financial Management (Record no. 22179)

MARC details
000 -LEADER
fixed length control field 00349nam a22001457a 4500
020 ## - INTERNATIONAL STANDARD BOOK NUMBER
ISBN 978-0-19-807207-2
082 ## - DEWEY DECIMAL CLASSIFICATION NUMBER
Classification number 658.15
100 ## - MAIN ENTRY--AUTHOR NAME
Personal name Srivastava, Rajiv
245 ## - TITLE STATEMENT
Title Financial Management
250 ## - EDITION STATEMENT
Edition statement 2nd
260 ## - PUBLICATION, DISTRIBUTION, ETC. (IMPRINT)
Place of publication New Delhi:
Name of publisher Oxford University Press,
Year of publication 2011
300 ## - PHYSICAL DESCRIPTION
Number of Pages xiv, 816p.: ill.; 28cm
700 ## - ADDED ENTRY--PERSONAL NAME
Personal name Misra, Anil
942 ## - ADDED ENTRY ELEMENTS (KOHA)
Koha item type Books
Holdings
Withdrawn status Lost status Damaged status Not for loan Collection code Permanent Location Current Location Shelving location Date acquired Source of acquisition Full call number Accession Number Price effective from Koha item type
        Non-fiction IFM Main Campus Library IFM Main Campus Library Work Room processing 01/20/2026 Purchased 658.15 SLI 0000023523 01/20/2026 Books
        Non-fiction IFM Main Campus Library IFM Main Campus Library Work Room processing 01/20/2026 Purchased 658.15 SLI 0000023524 01/20/2026 Books